Физика (Запис номер 409170)
[ съкратено ]
| 000 -Лидер | |
|---|---|
| Контролно поле с фиксирана дължина | nam a22 a 4500 |
| 003 - Код на организацията, давaща контролен номер | |
| Контролно поле | BLK |
| 005 - Дата и час на последна редакция | |
| Контролно поле | 20210416153109.0 |
| 008 - Елементи от данни с фиксирана дължина | |
| fixed length control field | 210416b bu |||||r|||| 00| | bu d |
| 040 ## - Източник на каталожния запис | |
| Идентификатор на билиотеката - собственик на записа | BLK |
| 041 ## - Код за език | |
| Код за езика на текст/звукозапис или на отделно заглавие | Български |
| Код за езика КДБФ | Български |
| 080 ## - УДК | |
| Текстов определител УДК | Физика |
| УДК код - определител по УДК | 53 |
| УДК определител | (075.9) |
| УДК - код + определител | 53(075.9) |
| 100 ## - Редна дума - Автор | |
| R(LIN) | 1299 |
| Автор | Стоев, Владимир К. |
| Авторска отговорност | първи автор |
| 139 ## - Редно поле | |
| Редна дума | Стоев, Владимир К. |
| 245 ## - Сведения за заглавието | |
| Заглавие | Физика |
| Подзаглавни данни | За всички временни технически и електротехнически курсове |
| Редно поле (дума) | Владимир Стоев |
| 260 ## - Област на издателските данни | |
| 9 (RLIN) | 403129 |
| Място на издаване, разпространение и проч. | София |
| Име на издателя, разпространителя и проч. | Държавно издателство - Народна Просвета |
| Година на издаване | 1948 |
| 300 ## - Физическа характеристика | |
| Страници | 60 с. |
| Илюстрации и др. | с ил. |
| Размери/Мащаб | 23 см |
| 380 ## - Жанр | |
| Жанр | Естествени науки. Математика |
| 650 #7 - Допълнително описание по предмет – тема | |
| 9 (RLIN) | 175234 |
| Основно описание – тема или топоним | Физика |
| 653 #7 - Ключова дума – ненормативна | |
| 9 (RLIN) | 199275 |
| Ключова дума | физика |
| 653 #7 - Ключова дума – ненормативна | |
| 9 (RLIN) | 199108 |
| Ключова дума | учебници за курсове |
| 760 ## - Описание на основната серия | |
| Редна дума на основното описание | Стоев, Владимир К. |
| Място на издаване, издател и година | Русе, 1946 |
| Страници - том | 108 с. |
| Част - том | Ч. 1 |
| Заглавие | За средните професионални у-ща |
| 852 ## - Местоположение | |
| Форматна сигнатура | Цб 5.225.29257 |
| Фондова буква | Хранилище |
| 999 ## - СИСТЕМНИ КОНТРОЛНИ НОМЕРА | |
| Koha biblionumber | 409170 |
| Koha biblioitemnumber | 409170 |
| 942 ## - АРТИКУЛИ | |
| Вид на библиотечния материал | Книги |
| Скрит в OPAC | Не |
| Периодичен библиозапис | Да |
| 944 ## - СЪЗДАВАНЕ И РЕДАКЦИЯ на ЗАПИСА | |
| Създаване/Редакция | Създаване |
| Дата на регистрацията/редакция | 2021-04-16 |
| Служител, извършил регистрацията/редакцията | А.М. |
| 999 ## - СИСТЕМНИ КОНТРОЛНИ НОМЕРА | |
| Koha biblioitemnumber | 408487 |
| Код за отписване | Код за изгубен артикул | Източник на класификационната схема | Код за повреда | Коз за рестрикции | Код за отдаване | Артикулен № | Име на библиотеката - собственик | Име на библиотеката, в която се намира в момента | Статус (Текущо местоположение) | Дата на вписване в системата | Местоположение - отдел | Цена в лева | Инвентарен номер | Систематично азбучна сигнатура | Баркод | Цена в евро | Служебен тип на артикула |
|---|---|---|---|---|---|---|---|---|---|---|---|---|---|---|---|---|---|
| Не е изгубен | Universal Decimal Classification | Не е повреден | само за читалня | ползва се в читалня | 825908 | Регионална библиотека "Любен Каравелов" Русе | Регионална библиотека "Любен Каравелов" Русе | Хранилище | 2021-04-22 | Основен фонд - ползва се само за читалня | 0.10 | 29257 | Цб 5.225.29257 | 900000053450 | 0.05 | Книги |